| Tag |
First Indicator |
Second Indicator |
Subfields |
| LEADER |
00000cam a2200000 4500 |
| 001 |
in00000053531 |
| 005 |
20151008050308.0 |
| 008 |
720110s1964 nju b 00000 eng u |
| 010 |
|
|
|a 63013284
|
| 035 |
|
|
|a (OCoLC)00193166
|
| 035 |
|
|
|9 AAG0331AM
|
| 040 |
|
|
|c YNG
|d OCL
|d TXA
|d UtOrBLW
|
| 049 |
|
|
|a TXAM
|c [406209]
|
| 050 |
|
0 |
|a JC319
|b .J2
|
| 092 |
|
|
|a 320.12
|b J14p
|
| 100 |
1 |
|
|a Jackson, W. A. Douglas
|q (William Arthur Douglas),
|d 1923-
|
| 245 |
1 |
0 |
|a Politics and geographic relationships ;
|b readings on the nature of political geography.
|
| 264 |
|
1 |
|a Englewood Cliffs, N. J. :
|b Prentice-Hall,
|c [1964]
|
| 300 |
|
|
|a xii, 411 pages :
|b illustrations, maps.
|
| 336 |
|
|
|a text
|b txt
|2 rdacontent
|
| 337 |
|
|
|a unmediated
|b n
|2 rdamedia
|
| 338 |
|
|
|a volume
|b nc
|2 rdacarrier
|
| 504 |
|
|
|a Bibliographical references included in footnotes.
|
| 650 |
|
0 |
|a Geopolitics.
|
| 650 |
|
0 |
|a Political science.
|
| 740 |
0 |
|
|a Reading on the nature of political geopgraphy.
|
| 999 |
|
|
|a MARS
|
| 999 |
f |
f |
|s 5fd7c6a2-4cec-373e-852f-caf89b611a32
|i f0596b3a-662e-3c35-b5e1-e83ea1b3246e
|t 0
|
| 952 |
f |
f |
|p ric
|a Texas A&M University
|b Rellis Campus
|c Joint Library Facility
|d Remote Storage
|t 0
|e JC319 .J2
|h Library of Congress classification
|i unmediated -- volume
|m A14800657951
|
| 998 |
f |
f |
|a JC319 .J2
|t 0
|l Remote Storage
|